00742nam a2200241 a 4500001001300000003000900013005001700022008004100039020001000080082001300090100001500103245007700118260005000195300000900245500003500254505002000289650003200309700001500341902000800356942000700364952011400371999001500485nice12345678IN_TiNIC20260116013106.0050524s1964 cama grp 000 0 eng  ac19500a183bLEW aLewis, C S aDiscarded Imageb an Introduction to Medieval and Renaissance Literature aCambridge bCambridge University Press c1964 a232p aincludes index and biblioraphy2 aEpilogue, Index aPhilosophy-Medieval-Western1 aLewis, C S bSRS cBK 001040708StackRoom-aHMIbHMId2007-07-31g195.00l0o183 LEWp017040r2007-07-31v195.00w2005-05-24yBK c9620d9620